000 00697nam a2200241Ia 4500
003 OSt
005 20221005085329.0
006 a|||||r|||| 00| 0
007 ta
008 221004b |||||||| |||| 00| 0 eng d
024 _a121146
037 _bGift, 14/09/2012,
_cTextual
040 _aCRL
_cCRL
_beng
041 _2eng
_aeng
082 _aV58'N17, L7
100 _aSalisbury Harrison E
245 0 _aBlack night white snow
_b Russia's revolutions 1905 -1917
260 _aNew York
_bDoubleday & Company USA
_c1977
300 _a746p.
_ccm.
650 _aHISTORY
942 _hV58'N17, L7
_cTEXL
_2cc
999 _c994031
_d994031